00667nam a2200181 i 450000100060000000300090000600500170001500700030003200800410003510000390007624500970011526000430021230000220025560000440027785200220032199900170034395201250036040980ES-MaACL20250311143408.0t|030307q1893 xxk ||||1| eng d0 aCarlyle, Thomas,d1795-188193531614aThe life of Friedrich Schiller comprehending an examination of his works / cThomas Carlyle. aLondon : bChapman and Hall, c[1893?] a289 p. ; c18 cm.14aSchiller, Friedrich,d1759-18059104361 aES-MaACLjG-10562 c40980d40980 001040708LIBXIXaATENEOMbATENEOMcSPP3d2008-01-17eSCl0oG-10562p1043146r2023-02-23 00:00:00w2023-02-23yMONANT